000 00339 a2200157 4500
001 186378
020 _a978-85-262-8242-1
040 _cMagnum
100 _aTulchinski, LĂșcia
240 1 0 _aViagens de Gulliver
_lpor
245 1 0 _aViagens de Gulliver
300 _a48
362 0 _a2011
697 _aLITERATURA INFANTO
942 _cBK
999 _c186378
_d186378